000 00635nam a22002057a 4500
003 OSt
005 20250827042133.0
008 250827b |||||||| |||| 00| 0 eng d
020 _a971-23-2778-7
040 _cOC
082 _aFil. 808.53 M139 1999
100 _aMALAYA, JONATHAN
245 _aHit the podium :
_bgetting started in debate /
_cMALAYA, JONATHAN
260 _aManila, Philippines :
_bRex Book Store,
_cc1999
300 _axviii, 240 p. :
_c22 cm.
650 _2Debates and debatingI. Uychoco, Arnell P. II. Title
700 _aUYCHOCO, ARNELL
700 _aEMIL Q. JAVIER
942 _2ddc
_cBK - FIL
_kFil.
_n0
999 _c4302
_d4302